| 000 | 00356pab a2200157 454500 | ||
|---|---|---|---|
| 008 | 180718b2002 xxu||||| |||| 00| 0 eng d | ||
| 100 | _aBhukta, Anindya | ||
| 245 | _aBanking sector reform in India: a study | ||
| 260 | _c2002 | ||
| 300 | _ap.5-9. | ||
| 362 | _aJul | ||
| 650 | _aBanks - India | ||
| 650 | _aBanks | ||
| 773 | _aYojana | ||
| 909 | _a52872 | ||
| 999 |
_c52872 _d52872 |
||